| 000 | 01462cab a2200253 4500 | ||
|---|---|---|---|
| 001 | ABS53800 | ||
| 008 | 090401t1995 xxu||||| |||| 00| 0 eng d | ||
| 035 | _a(Sirsi) u6661 | ||
| 041 | _aeng | ||
| 245 | _aBritish Telecommunications plc v Sun Life Assurance Society plc | ||
| 260 | _c1995 | ||
| 350 | _a0 | ||
| 490 |
_aAll England Law Reports _v(1995) 4 AllER 44-52(9) |
||
| 520 | _aCA 28 July 1995. The plaintiff (B) was tenant on the sixth and seventh floors of premises to which the defendant (S) was landlord. The lease required S to keep the building as a whole in `complete good and substantial repair`. In the summer of 1986 a bulge appeared in the brick cladding on the fifth floor external wall, and when S was informed on 1 September 1986 they immediately did preparatory work to carry out remedial work - which did not begin until February 1988. Meanwhile B brought proceedings against S for breach of repairing covenant, contending that a breach occurred as soon as a defect occurred, and not, as S contended, when notification of such defect was received. Appeal against earlier ruling in favour of B was dismissed. | ||
| 650 | _aBREACH OF COVENANT | ||
| 650 | _aBREACH | ||
| 650 | _aBRITISH TELECOMMUNICATIONS PLC V SUN LIFE ASSURANCE SOCIETY PLC | ||
| 650 | _aBUILDING DEFECTS | ||
| 650 | _aLEASES | ||
| 650 | _aREPAIRING COVENANTS | ||
| 690 | _aLANDLORD AND TENANT-CASE LAW-BUSINESS TENANCIES | ||
| 942 | _n0 | ||
| 948 | _c04/03/1997 | ||
| 999 |
_c3971 _d3971 |
||